Theory of Hp spaces

Uloženo v:
Podrobná bibliografie
Hlavní autor: Duren, Peter L (Autor)
Médium: Kniha
Jazyk:angličtina
Vydáno: Nueva York Academic Press 1970
Edice:Pure and Applied Mathematics, 38
Témata:
Tagy: Přidat tag
Žádné tagy, Buďte první, kdo vytvoří štítek k tomuto záznamu!

MARC

LEADER 00000nam a2200000 a 4500
001 UCP1287
003 CL-VaPUC
008 990401e19700000US |||||||||||||||||eng|d
082 0 4 |a 515.7  |b DUR  |2 21 
100 0 |a Duren, Peter L  |e author  |9 427242 
245 1 0 |a Theory of Hp spaces 
300 |a 258 p 
942 |c BK 
945 |d 19990401 00:00:00  |a crobeson 
260 |a Nueva York  |b Academic Press  |c 1970 
650 7 |a FUNCIONES CONJUGADAS  |2 CL-VaPUC  |9 425650 
650 0 |a Funciones analíticas  |9 270036 
650 7 |a SERIES DE RADEMACHER  |2 CL-VaPUC  |9 427243 
650 7 |a TEORIA DE LA INTERPOLACION  |2 CL-VaPUC  |9 427244 
650 0 |a Análisis complejo   |9 260214 
650 0 |a Números complejos  |9 270335 
583 |a last modification  |c 19990401 00:00:00  |k Rodrigo Vera 
490 0 |a Pure and Applied Mathematics, 38 
999 |c 279981  |d 279979 
952 |0 0  |1 0  |4 0  |6 515_700000000000000_DUR_1970  |7 0  |8 A  |9 319931  |a BIBMAT  |b BIBMAT  |d 2019-11-20  |i 1334506  |o 515.7 DUR 1970  |p 1334506  |r 2025-01-07  |w 2019-11-20  |y BK  |k MAT